Хрестоматия специальных текстов на немецком языке для студентов 2-го и 3-го курсов : (Record no. 529883)
[ view plain ]
| 000 -LEADER | |
|---|---|
| fixed length control field | 01085-am-a2200217-a-4500 |
| 001 - CONTROL NUMBER | |
| control field | 000206618 |
| 003 - CONTROL NUMBER IDENTIFIER | |
| control field | AM-YEHGA |
| 005 - DATE AND TIME OF LATEST TRANSACTION | |
| control field | 20250617164816.0 |
| 008 - FIXED-LENGTH DATA ELEMENTS--GENERAL INFORMATION | |
| fixed length control field | 000423s1962 xxu 000 0 ger u |
| 020 ## - INTERNATIONAL STANDARD BOOK NUMBER | |
| Terms of availability | 01.35 |
| 040 ## - CATALOGING SOURCE | |
| Original cataloging agency | AM-YeHGA |
| 090 ## - LOCALLY ASSIGNED LC-TYPE CALL NUMBER (OCLC); LOCAL CALL NUMBER (RLIN) | |
| -- | 568369 |
| 100 10 - MAIN ENTRY--PERSONAL NAME | |
| Personal name | Александрова, Е.Н. |
| 245 10 - TITLE STATEMENT | |
| Title | Хрестоматия специальных текстов на немецком языке для студентов 2-го и 3-го курсов : |
| Remainder of title | Физика. Электроника. Радиотехника / |
| Statement of responsibility, etc. | Состав.: Е.Н. Александрова и др. ; М-во высш. и сред. спец. образ. РСФСР ; Ленинградский электротехнический ин-т им. В.И. Ульянова. |
| 260 0# - PUBLICATION, DISTRIBUTION, ETC. | |
| Place of publication, distribution, etc. | Л. : |
| Name of publisher, distributor, etc. | Б. и., |
| Date of publication, distribution, etc. | 1962. |
| 300 ## - PHYSICAL DESCRIPTION | |
| Extent | 352 с. |
| 650 #4 - SUBJECT ADDED ENTRY--TOPICAL TERM | |
| Topical term or geographic name entry element | Немецкий язык - Синтаксис |
| 700 1# - ADDED ENTRY--PERSONAL NAME | |
| Personal name | Горбенко, И.Н. |
| 700 1# - ADDED ENTRY--PERSONAL NAME | |
| Personal name | Онопко, Г.М. |
| 710 2# - ADDED ENTRY--CORPORATE NAME | |
| Corporate name or jurisdiction name as entry element | Ленинградский электротехнический ин-т им. В.И. Ульянова |
| Withdrawn status | Lost status | Damaged status | Not for loan | Collection | Home library | Current library | Date acquired | Total checkouts | Full call number | Barcode | Date last seen | Price effective from | Koha item type | Public note |
|---|---|---|---|---|---|---|---|---|---|---|---|---|---|---|
| General | Fundamental Scientific Library | Fundamental Scientific Library | 06/04/2022 | РII/73067 | FL0676244 | 05/04/2024 | 06/04/2022 | Գրքեր / Books | 30 Days Loan |
ՀՀ Գիտությունների ազգային ակադեմիայի հիմնարար գիտական գրադարան = Fundamental Scientific Library of NAS RA
All site content, except where otherwise noted, is licensed under a